Dirección Estratégicas
| Main Author: | |
|---|---|
| Format: | Section = Libro |
| Language: | Undetermined Spanish |
| Published: |
España
McGraw-Hill
2003
|
| Subjects: |
| LEADER | 00595nam a2200217Ia 4500 | ||
|---|---|---|---|
| 008 | 240829s9999 xx 000 0 und d | ||
| 020 | |a 84-481-3634-9 | ||
| 040 | |a BIBLIOTECA-RUPAP 658 G241 | ||
| 041 | |a spa | ||
| 082 | |a 658 G241 | ||
| 100 | 1 | |a Garrido Buj, Santiago | |
| 245 | 1 | 0 | |a Dirección Estratégicas |
| 260 | |a España |b McGraw-Hill |c 2003 | ||
| 300 | |a 327 p. :il. | ||
| 650 | 7 | |a ADMINISTRACION ESTRATEGICA | |
| 650 | 7 | |b ESTRATEGIA EMPRESARIAL | |
| 650 | 7 | |c ESTRATEGIA ORGANIZACIONAL | |
| 650 | 7 | |d PLANIFICACION ESTRATEGICA I. Tít. | |
| 942 | |c BK |2 ddc | ||
| 991 | |a TEXTO | ||
| 999 | |c 9781 | ||